Responses for Show #8887 - Tuesday, June 6, 2023

Jared Watson game 4. Suresh Krishnan game 1.

Contestants

[<< previous game]

Deborah Claymon, a writer from Saint Helena, California

Suresh Krishnan, a networking engineer from Suwanee, Georgia

Jared Watson, a quality control specialist from Greenville, Texas (whose 3-day cash winnings total $56,202)

[next game >>]

Jeopardy! Round responses

21st CENTURY STUFF
QUOTABLE NOTABLES
WHICH CABINET DEPARTMENT?
WATERFOWL-POURRI
RIAA TOP-SELLING ARTISTS
S-LESS, CHAPS
(Mayim: Each response is two words; only one contains "S".)
    $200 18
Hurricane Katrina

Jared
    $200 28
Churchill

Jared
    $200 5
Agriculture

Suresh
    $200 6
Zeus

Suresh
    $200 15
The Beatles

Jared
    $200 30
clasp & clap

Suresh
    $400 27
Sunday

Deborah
    $400 20
Mae West

Jared
    $400 4
(Deborah: What is Treasury?)

Labor

JaredDeborah
    $400 7
Mother Goose

Jared
    $400 14
Hotel California

Suresh
    $400 29
(Deborah: What is, oh, slurp and...)

swallow & wallow

Deborah
Triple Stumper
    $4,000 21
(Jared: What is Belgium?)

Switzerland

Jared
    $600 16
(Suresh: Who is Oppenheimer?)

Einstein

JaredSuresh
    $600 1
the Department of Homeland Security

Jared
    $600 8
Daffy Duck

Jared
    $600 11
Barbra Streisand

Jared
    $600 24
person & Peron

Triple Stumper
    $800 22
Petraeus

Jared
    $800 17
Mao

Deborah
    $800 2
Commerce

Suresh
    $800 9
the loon

Suresh
    $800 12
Pink Floyd

Jared
    $800 25
prosper & proper

Triple Stumper
    $1000 23
(Suresh: [Shakes head])

a pope's funeral

Suresh
Triple Stumper
    $1000 19
Nietzsche

Suresh
    $1000 3
HHS (Health & Human Services)

Suresh
    $1000 10
Swan Lake

Jared
    $1000 13
(Mayim: [Chuckling] The one and only, yes.)

"Weird Al" Yankovic

Jared
    $1000 26
mesa & mea

Deborah

Scores at the first commercial break (after clue 15):

Jared Suresh Deborah
$5,600 $3,400 -$400

Scores at the end of the Jeopardy! Round:

Jared Suresh Deborah
$3,800 $3,000 $1,400

Double Jeopardy! Round responses

NONFICTION TV
STRAIT UP
BOOKS & AUTHORS
IT COMES IN "WAVE"s
THIS & THAT
YOU MUST BE 12 LETTERS LONG OR MORE TO ENTER
    $400 27
(Deborah: What is the Carquinez?)

the Golden Gate Strait

SureshDeborah
    $400 1
The Old Man and the Sea

Jared
    $400 25
a microwave

Jared
    $400 28
Uno

Jared
    $400 20
an abolitionist

Jared
    $800 29
[The end-of-round signal sounds.]

The Amazing Race

Jared
    $800 26
(Suresh: What is the Mediterranean Sea?)

the Black Sea

SureshDeborah
    $800 5
[No acknowledgment from Mayim or the audience for Jared running the category]

Grisham

Jared
    $800 24
shock wave

Suresh
    $800 23
(Mayim: Yes, less than a minute.)

Mr. Peanut

Jared
    $800 19
a choreographer

Suresh
    $1200 10
SportsCenter

Jared
    $3,000 6
(Jared: What is the English Channel?)

the Strait of Dover

Jared
    $1200 2
(Bram) Stoker

Jared
    $1200 13
(Jared: What are tides?)

a tidal wave

JaredSuresh
    $1200 7
T Bone Burnett

Triple Stumper
    $1200 16
(Deborah: What is wearhouse? Men's Wearhouse?)

a haberdashery

SureshDeborah
    $1600 11
(Mark) Cuban

Jared
    $1600 21
(Suresh: What is... Strait of Aqaba?)

the Strait of Hormuz

Suresh
Triple Stumper
    $1600 3
(Jennifer) Egan

Jared
    $1600 14
brain waves

Jared
    $1600 8
ecru

Triple Stumper
    $2,600 17
redistricting

Suresh
    $2000 12
Tom Jones

Jared
    $2000 22
the Windward

Triple Stumper
    $2000 4
(Octavia E.) Butler

Jared
    $2000 15
(Deborah: What is peristalsis?)

peristaltic waves

Deborah
Triple Stumper
    $2000 9
The Unbearable Lightness of Being

Deborah
    $2000 18
(Jared: What's a skeleton?)

an endoskeleton

Jared
Triple Stumper

Scores at the end of the Double Jeopardy! Round:

Jared Suresh Deborah
$12,800 $7,600 $600

[wagering suggestions for these scores]

Final Jeopardy! Round responses

HISTORIC ORGANIZATIONS
DeborahWhat is NATO? it was Fun!
$599
SureshWhat is NATO?
$3,000
JaredWhat is the United Nations?
$2,401
NATO

Final scores:

Jared Suresh Deborah
$10,399 $10,600 $1,199
2nd place: $2,000 New champion: $10,600 3rd place: $1,000

Game dynamics:

Coryat scores:

Jared Suresh Deborah
$19,800 $6,600 $600
28 R,
4 W
(including 2 DDs)
14 R
(including 1 DD),
4 W
5 R,
5 W

Combined Coryat: $27,000

[game clues] [game scores] [suggest correction]

Game tape date: 2023-04-03
The J! Archive is created by fans, for fans. Scraping, republication, monetization, and malicious use prohibited; this site may use cookies and collect identifying information. See terms. The Jeopardy! game show and all elements thereof, including but not limited to copyright and trademark thereto, are the property of Jeopardy Productions, Inc. and are protected under law. This website is not affiliated with, sponsored by, or operated by Jeopardy Productions, Inc. Join the discussion at JBoard.tv.